[Event "2nd Turkish League 2017"]
[Site "Konya"]
[Date "2017.07.22"]
[Round "8"]
[White "Ozcelik, Ali Kaan"]
[Black "Alaz, Ahmet Efekan"]
[Result "1-0"]
[WhiteElo "1911"]
[BlackElo "2015"]
[Annotator "NA"]
[PlyCount "191"]
[EventType "team-tourn"]
[EventCountry "TUR"]
[SourceTitle "playchess.com"]
[Source "ChessBase"]
[SourceQuality "1"]
[TimeControl "5400+30"]

1. d4 {[%emt 0:00:30]} c6 {[%emt 0:01:00]} 2. c4 {[%emt 0:00:30]} d5 {[%emt 0:00:00]} 3. Nc3 {[%emt 0:00:30]} Nf6 {[%emt 0:00:00]} 4. Nf3 {[%emt 0:00:00]} a6 {[%emt 0:00:00]} 5. e3 {[%emt 0:01:00]} b5 {[%emt 0:00:00]} 6. cxd5 {[%emt 0:02:30]} cxd5 {[%emt 0:00:30]} 7. Bd3 {[%emt 0:00:30]} Bb7 {[%emt 0:00:00]} 8. O-O {[%emt 0:00:00]} Nbd7 {[%emt 0:01:00]} 9. Ne5 {[%emt 0:06:00]} e6 {[%emt 0:01:30]} 10. f4 {[%emt 0:01:30]} Be7 {[%emt 0:00:30]} 11. a3 {[%emt 0:03:30]} O-O {[%emt 0:01:30]} 12. Qf3 {[%emt 0:05:30]} Nb6 {[%emt 0:07:30]} 13. Qh3 {[%emt 0:04:30]} Ne4 {[%emt 0:14:30]} 14. f5 {[%emt 0:22:30]} exf5 {[%emt 0:03:30]} 15. Qxf5 {[%emt 0:00:30]} g6 {[%emt 0:00:30]} 16. Qf3 {[%emt 0:01:30]} f6 {[%emt 0:01:30]} 17. Ng4 {[%emt 0:05:30]} f5 {[%emt 0:00:30]} 18. Ne5 {[%emt 0:00:00]} Bd6 {[%emt 0:09:30]} 19. Ne2 {[%emt 0:08:00]} Qc7 {[%emt 0:09:30]} 20. b3 {[%emt 0:05:30]} Bxe5 {[%emt 0:03:30]} 21. dxe5 {[%emt 0:00:30]} Qxe5 {[%emt 0:00:00]} 22. Nd4 {[%emt 0:00:30]} Nd7 {[%emt 0:02:00]} 23. Qe2 {[%emt 0:10:47]} Qe7 {[%emt 0:03:30]} 24. Bb2 {[%emt 0:00:44]} Ne5 {[%emt 0:03:30]} 25. Nf3 {[%emt 0:01:36]} Ng4 {[%emt 0:01:30]} 26. Bd4 {[%emt 0:01:33]} Nc5 {[%emt 0:08:30]} 27. h3 {[%emt 0:05:02]} Nf6 {[%emt 0:01:30]} 28. Rab1 {[%emt 0:02:34]} Rac8 {[%emt 0:04:30]} 29. Ne5 {[%emt 0:04:07]} Nfd7 {[%emt 0:03:30]} 30. Nxd7 {[%emt 0:00:37]} Qxd7 {[%emt 0:03:03]} 31. Rfd1 {[%emt 0:03:54]} Rfe8 {[%emt 0:03:18]} 32. Qf2 {[%emt 0:00:35]} Ne6 {[%emt 0:02:40]} 33. Ba1 {[%emt 0:00:27]} Qe7 {[%emt 0:01:08]} 34. Qb2 {[%emt 0:00:43]} Qg7 {[%emt 0:02:42]} 35. Qf2 {[%emt 0:00:41]} Qe7 {[%emt 0:00:15]} 36. Qg3 {[%emt 0:00:52]} Ng7 {[%emt 0:00:47]} 37. Bd4 {[%emt 0:00:12]} Rc7 {[%emt 0:04:42]} 38. Rf1 {[%emt 0:01:58]} Nh5 {[%emt 0:01:42]} 39. Qf3 {[%emt 0:00:50]} Rf8 {[%emt 0:00:31]} 40. b4 {[%emt 0:01:13]} Rf7 {[%emt 0:00:21]} 41. Rbc1 {[%emt 0:00:25]} Qd6 {[%emt 0:00:35]} 42. Rxc7 {[%emt 0:00:20]} Qxc7 {[%emt 0:00:13]} 43. Re1 {[%emt 0:00:47]} Ng3 {[%emt 0:00:54]} 44. Qf2 {[%emt 0:00:26]} Re7 {[%emt 0:01:58]} 45. Bf6 {[%emt 0:00:34]} Rf7 {[%emt 0:01:01]} 46. Ba1 {[%emt 0:00:28]} Nh5 {[%emt 0:00:54]} 47. Qb2 {[%emt 0:00:12]} Ng7 {[%emt 0:00:10]} 48. Qd4 {[%emt 0:00:12]} Re7 {[%emt 0:00:32]} 49. Bb2 {[%emt 0:00:46]} Qg3 {[%emt 0:00:37]} 50. Re2 {[%emt 0:00:02]} Qd6 {[%emt 0:00:49]} 51. Rc2 {[%emt 0:00:23]} Qe6 {[%emt 0:00:27]} 52. Re2 {[%emt 0:00:37]} Rc7 {[%emt 0:00:20]} 53. Rc2 {[%emt 0:00:19]} Re7 {[%emt 0:00:43]} 54. Re2 {[%emt 0:00:37]} Qf7 {[%emt 0:01:00]} 55. Rc2 {[%emt 0:00:23]} Rc7 {[%emt 0:01:16]} 56. Rc5 {[%emt 0:00:23]} Kf8 {[%emt 0:00:12]} 57. Be2 {[%emt 0:00:54]} Ne6 {[%emt 0:00:29]} 58. Qh8+ {[%emt 0:00:08]} Qg8 {[%emt 0:00:33]} 59. Qf6+ {[%emt 0:00:29]} Qf7 {[%emt 0:00:26]} 60. Qh8+ {[%emt 0:00:50]} Qg8 {[%emt 0:00:31]} 61. Qe5 {[%emt 0:01:12]} Rxc5 {[%emt 0:00:49]} 62. bxc5 {[%emt 0:00:10]} Kf7 {[%emt 0:00:15]} 63. Qf6+ {[%emt 0:01:03]} Ke8 {[%emt 0:00:01]} 64. Be5 {[%emt 0:00:21]} Qf7 {[%emt 0:00:32]} 65. Qh8+ {[%emt 0:00:02]} Nf8 {[%emt 0:01:03]} 66. Bd6 {[%emt 0:00:03]} Bc6 {[%emt 0:00:27]} 67. Bf3 {[%emt 0:00:30]} a5 {[%emt 0:00:00]} 68. Qc3 {[%emt 0:00:31]} Qe6 {[%emt 0:00:31]} 69. Kf2 {[%emt 0:00:40]} a4 {[%emt 0:00:38]} 70. Qh8 {[%emt 0:00:37]} Qf7 {[%emt 0:00:06]} 71. h4 {[%emt 0:00:17]} Bb7 {[%emt 0:00:50]} 72. Qc3 {[%emt 0:01:02]} Bc6 {[%emt 0:00:52]} 73. g3 {[%emt 0:00:21]} Kd7 {[%emt 0:00:19]} 74. Qa5 {[%emt 0:00:22]} Ke6 {[%emt 0:00:44]} 75. Qb6 {[%emt 0:00:28]} Qb7 {[%emt 0:00:21]} 76. Bxf8 {[%emt 0:00:10]} b4 {[%emt 0:00:31]} 77. Qxb4 {[%emt 0:00:45]} Qxb4 {[%emt 0:00:48]} 78. axb4 {[%emt 0:00:02]} Kf7 {[%emt 0:00:19]} 79. Bd6 {[%emt 0:00:11]} Ke6 {[%emt 0:00:28]} 80. b5 {[%emt 0:01:58]} Bxb5 {[%emt 0:00:30]} 81. Bc7 {[%emt 0:00:00]} Bc4 {[%emt 0:00:34]} 82. Ba5 {[%emt 0:00:07]} Kd7 {[%emt 0:00:28]} 83. Bd1 {[%emt 0:01:17]} a3 {[%emt 0:00:30]} 84. Ba4+ {[%emt 0:00:00]} Kc8 {[%emt 0:00:07]} 85. Bc3 {[%emt 0:00:05]} a2 {[%emt 0:00:23]} 86. Kf3 {[%emt 0:00:17]} h6 {[%emt 0:01:00]} 87. Kf4 {[%emt 0:00:09]} Bd3 {[%emt 0:00:00]} 88. Ke5 {[%emt 0:01:10]} g5 {[%emt 0:00:12]} 89. hxg5 {[%emt 0:00:34]} hxg5 {[%emt 0:00:02]} 90. Kxd5 {[%emt 0:00:15]} f4 {[%emt 0:00:19]} 91. exf4 {[%emt 0:00:10]} gxf4 {[%emt 0:00:47]} 92. gxf4 {[%emt 0:00:05]} Bg6 {[%emt 0:00:25]} 93. Kd6 {[%emt 0:00:20]} Bf5 {[%emt 0:01:00]} 94. Bb3 {[%emt 0:00:10]} Bb1 {[%emt 0:00:37]} 95. c6 {[%emt 0:00:08]} Bf5 {[%emt 0:00:13]} 96. Bxa2 {[%emt 0:00:13]} 1-0

[Event "2nd Turkish League 2017"]
[Site "Konya"]
[Date "2017.07.22"]
[Round "8"]
[White "Kuruz, Yusuf"]
[Black "Celik, Berkay"]
[Result "0-1"]
[WhiteElo "1906"]
[BlackElo "1963"]
[Annotator "NA"]
[PlyCount "130"]
[EventType "team-tourn"]
[EventCountry "TUR"]
[SourceTitle "playchess.com"]
[Source "ChessBase"]
[SourceQuality "1"]
[TimeControl "5400+30"]

1. c4 {[%emt 0:00:30]} Nf6 {[%emt 0:01:00]} 2. Nf3 {[%emt 0:00:00]} e6 {[%emt 0:02:30]} 3. b3 {[%emt 0:02:00]} c5 {[%emt 0:01:30]} 4. Bb2 {[%emt 0:04:30]} b6 {[%emt 0:00:30]} 5. g3 {[%emt 0:01:30]} Bb7 {[%emt 0:00:30]} 6. Bg2 {[%emt 0:00:30]} Be7 {[%emt 0:00:00]} 7. O-O {[%emt 0:00:00]} d5 {[%emt 0:00:00]} 8. Ne5 {[%emt 0:00:00]} Nc6 {[%emt 0:00:30]} 9. e3 {[%emt 0:14:30]} Qc7 {[%emt 0:02:30]} 10. Nxc6 {[%emt 0:08:30]} Bxc6 {[%emt 0:01:30]} 11. Qf3 {[%emt 0:00:30]} Rc8 {[%emt 0:00:30]} 12. d3 {[%emt 0:02:30]} O-O {[%emt 0:00:30]} 13. Nd2 {[%emt 0:06:30]} Rfd8 {[%emt 0:00:30]} 14. Rfd1 {[%emt 0:00:30]} Qb8 {[%emt 0:01:30]} 15. Qe2 {[%emt 0:07:30]} Qb7 {[%emt 0:01:30]} 16. Nf3 {[%emt 0:00:30]} dxc4 {[%emt 0:00:30]} 17. dxc4 {[%emt 0:02:30]} Ng4 {[%emt 0:03:30]} 18. Rxd8+ {[%emt 0:09:30]} Rxd8 {[%emt 0:07:30]} 19. Rd1 {[%emt 0:00:30]} f6 {[%emt 0:07:30]} 20. Ne1 {[%emt 0:09:30]} Nh6 {[%emt 0:01:30]} 21. Rxd8+ {[%emt 0:02:30]} Bxd8 {[%emt 0:00:30]} 22. Bxc6 {[%emt 0:01:30]} Qxc6 {[%emt 0:00:00]} 23. Qd3 {[%emt 0:02:30]} Nf7 {[%emt 0:00:00]} 24. e4 {[%emt 0:00:30]} Qd6 {[%emt 0:01:30]} 25. f3 {[%emt 0:02:30]} Bc7 {[%emt 0:00:30]} 26. Qxd6 {[%emt 0:00:30]} Bxd6 {[%emt 0:00:30]} 27. Nd3 {[%emt 0:00:30]} Kf8 {[%emt 0:00:30]} 28. Kf2 {[%emt 0:01:30]} Ke7 {[%emt 0:05:30]} 29. Ke3 {[%emt 0:00:30]} Nd8 {[%emt 0:00:30]} 30. e5 {[%emt 0:02:40]} Bc7 {[%emt 0:00:30]} 31. f4 {[%emt 0:00:37]} Nc6 {[%emt 0:00:30]} 32. Ke4 {[%emt 0:00:36]} Kf7 {[%emt 0:01:30]} 33. g4 {[%emt 0:09:40]} Ne7 {[%emt 0:12:30]} 34. Kf3 {[%emt 0:03:50]} Kg6 {[%emt 0:05:30]} 35. h3 {[%emt 0:00:48]} f5 {[%emt 0:00:30]} 36. g5 {[%emt 0:01:03]} h6 {[%emt 0:01:30]} 37. gxh6 {[%emt 0:01:02]} Kxh6 {[%emt 0:00:00]} 38. Ne1 {[%emt 0:00:09]} g5 {[%emt 0:00:00]} 39. Bc1 {[%emt 0:00:50]} Kh5 {[%emt 0:04:30]} 40. Kg3 {[%emt 0:03:13]} Ng6 {[%emt 0:00:00]} 41. Nd3 {[%emt 0:00:14]} Bd8 {[%emt 0:01:00]} 42. Bb2 {[%emt 0:00:54]} g4 {[%emt 0:00:00]} 43. Bc1 {[%emt 0:00:50]} Be7 {[%emt 0:03:00]} 44. Bd2 {[%emt 0:00:13]} Nh4 {[%emt 0:00:00]} 45. Ne1 {[%emt 0:00:40]} Ng6 {[%emt 0:01:00]} 46. Nd3 {[%emt 0:00:14]} a5 {[%emt 0:00:30]} 47. Bc1 {[%emt 0:00:44]} Bh4+ {[%emt 0:00:30]} 48. Kg2 {[%emt 0:00:30]} Ne7 {[%emt 0:00:00]} 49. Be3 {[%emt 0:00:45]} Nc6 {[%emt 0:00:00]} 50. Bf2 {[%emt 0:00:26]} Bxf2 {[%emt 0:00:00]} 51. Nxf2 {[%emt 0:00:36]} Nb4 {[%emt 0:00:00]} 52. hxg4+ {[%emt 0:00:11]} fxg4 {[%emt 0:00:30]} 53. a4 {[%emt 0:00:57]} Nc2 {[%emt 0:00:00]} 54. Ne4 {[%emt 0:00:08]} Kh4 {[%emt 0:01:00]} 55. Ng5 {[%emt 0:00:30]} Nd4 {[%emt 0:00:30]} 56. Kf2 {[%emt 0:00:56]} g3+ {[%emt 0:00:00]} 57. Kg2 {[%emt 0:00:22]} Kg4 {[%emt 0:00:00]} 58. Ne4 {[%emt 0:00:42]} Ne2 {[%emt 0:00:00]} 59. f5 {[%emt 0:00:06]} Nf4+ {[%emt 0:01:00]} 60. Kg1 {[%emt 0:00:30]} exf5 {[%emt 0:00:00]} 61. Nf6+ {[%emt 0:00:24]} Kf3 {[%emt 0:00:00]} 62. e6 {[%emt 0:00:53]} Nxe6 {[%emt 0:00:30]} 63. Nd7 {[%emt 0:00:00]} g2 {[%emt 0:00:30]} 64. Ne5+ {[%emt 0:00:25]} Kg3 {[%emt 0:00:00]} 65. b4 {[%emt 0:00:13]} Nd4 {[%emt 0:00:00]} 0-1

[Event "2nd Turkish League 2017"]
[Site "Konya"]
[Date "2017.07.22"]
[Round "8"]
[White "Ozgur, Isa"]
[Black "Kerem, Halil Ozgun"]
[Result "0-1"]
[WhiteElo "1904"]
[BlackElo "2074"]
[Annotator "NA"]
[PlyCount "68"]
[EventType "team-tourn"]
[EventCountry "TUR"]
[SourceTitle "playchess.com"]
[Source "ChessBase"]
[SourceQuality "1"]
[TimeControl "5400+30"]

1. Nf3 {[%emt 0:00:30]} d5 {[%emt 0:01:00]} 2. c4 {[%emt 0:00:30]} e6 {[%emt 0:01:30]} 3. g3 {[%emt 0:01:30]} Nf6 {[%emt 0:00:00]} 4. Bg2 {[%emt 0:00:30]} a6 {[%emt 0:01:00]} 5. O-O {[%emt 0:01:30]} Be7 {[%emt 0:00:00]} 6. b3 {[%emt 0:01:30]} dxc4 {[%emt 0:09:00]} 7. bxc4 {[%emt 0:00:30]} c5 {[%emt 0:00:00]} 8. Nc3 {[%emt 0:01:30]} O-O {[%emt 0:00:00]} 9. Rb1 {[%emt 0:03:30]} Nc6 {[%emt 0:02:30]} 10. Ba3 {[%emt 0:04:30]} Rb8 {[%emt 0:07:30]} 11. d4 {[%emt 0:06:30]} cxd4 {[%emt 0:04:30]} 12. Bxe7 {[%emt 0:00:30]} Qxe7 {[%emt 0:00:00]} 13. Nxd4 {[%emt 0:00:30]} Nxd4 {[%emt 0:14:00]} 14. Qxd4 {[%emt 0:00:30]} Qc7 {[%emt 0:01:30]} 15. c5 {[%emt 0:10:30]} Bd7 {[%emt 0:04:30]} 16. Rfc1 {[%emt 0:07:30]} Rfc8 {[%emt 0:01:30]} 17. Ne4 {[%emt 0:07:30]} Nxe4 {[%emt 0:00:30]} 18. Bxe4 {[%emt 0:03:30]} Bc6 {[%emt 0:00:00]} 19. Bxc6 {[%emt 0:01:30]} Qxc6 {[%emt 0:00:00]} 20. Qd6 {[%emt 0:01:30]} h6 {[%emt 0:04:30]} 21. Qxc6 {[%emt 0:04:30]} Rxc6 {[%emt 0:00:00]} 22. Rb6 {[%emt 0:00:30]} Rbc8 {[%emt 0:07:00]} 23. Rxb7 {[%emt 0:01:30]} Rxc5 {[%emt 0:00:30]} 24. Rxc5 {[%emt 0:00:30]} Rxc5 {[%emt 0:00:30]} 25. Ra7 {[%emt 0:00:30]} Ra5 {[%emt 0:00:00]} 26. e3 {[%emt 0:00:00]} g5 {[%emt 0:00:00]} 27. g4 {[%emt 0:01:00]} Kg7 {[%emt 0:00:30]} 28. Kg2 {[%emt 0:00:30]} Rxa2 {[%emt 0:00:30]} 29. h3 {[%emt 0:01:30]} a5 {[%emt 0:00:30]} 30. Kg3 {[%emt 0:00:30]} a4 {[%emt 0:00:30]} 31. Kg2 {[%emt 0:05:30]} a3 {[%emt 0:00:00]} 32. Kg3 {[%emt 0:00:30]} Ra1 {[%emt 0:01:00]} 33. f4 {[%emt 0:01:30]} a2 {[%emt 0:04:30]} 34. Kf2 {[%emt 0:02:30]} Rh1 {[%emt 0:00:00]} 0-1

[Event "2nd Turkish League 2017"]
[Site "Konya"]
[Date "2017.07.22"]
[Round "8"]
[White "Bayraktar, Armagan"]
[Black "Aktas, Ilker"]
[Result "0-1"]
[WhiteElo "1889"]
[BlackElo "1905"]
[Annotator "NA"]
[PlyCount "70"]
[EventType "team-tourn"]
[EventCountry "TUR"]
[SourceTitle "playchess.com"]
[Source "ChessBase"]
[SourceQuality "1"]
[TimeControl "5400+30"]

1. e4 {[%emt 0:00:30]} c5 {[%emt 0:01:00]} 2. Nf3 {[%emt 0:00:30]} d6 {[%emt 0:00:00]} 3. d4 {[%emt 0:00:00]} cxd4 {[%emt 0:00:00]} 4. Nxd4 {[%emt 0:00:00]} Nf6 {[%emt 0:00:30]} 5. Nc3 {[%emt 0:00:30]} a6 {[%emt 0:00:00]} 6. Be3 {[%emt 0:02:30]} e5 {[%emt 0:00:00]} 7. Nb3 {[%emt 0:01:30]} Be7 {[%emt 0:00:30]} 8. Qd2 {[%emt 0:00:00]} Be6 {[%emt 0:03:30]} 9. f3 {[%emt 0:01:00]} Nbd7 {[%emt 0:02:30]} 10. O-O-O {[%emt 0:00:30]} O-O {[%emt 0:00:30]} 11. Kb1 {[%emt 0:00:30]} b5 {[%emt 0:01:30]} 12. g4 {[%emt 0:01:30]} b4 {[%emt 0:03:30]} 13. Nd5 {[%emt 0:00:30]} Bxd5 {[%emt 0:00:30]} 14. exd5 {[%emt 0:02:30]} Nb6 {[%emt 0:05:30]} 15. Na5 {[%emt 0:20:30]} Nfxd5 {[%emt 0:04:30]} 16. Nc6 {[%emt 0:05:30]} Qc7 {[%emt 0:01:30]} 17. Nxe7+ {[%emt 0:12:30]} Qxe7 {[%emt 0:00:30]} 18. Bxb6 {[%emt 0:02:30]} Nxb6 {[%emt 0:03:30]} 19. Qxb4 {[%emt 0:05:30]} Rfb8 {[%emt 0:03:30]} 20. Be2 {[%emt 0:03:30]} Nd5 {[%emt 0:04:30]} 21. Qa3 {[%emt 0:03:30]} Nf4 {[%emt 0:02:30]} 22. Bc4 {[%emt 0:02:30]} Rb6 {[%emt 0:01:30]} 23. h4 {[%emt 0:05:30]} Qc7 {[%emt 0:03:30]} 24. Qe3 {[%emt 0:07:30]} Rab8 {[%emt 0:02:30]} 25. Bb3 {[%emt 0:00:30]} a5 {[%emt 0:00:30]} 26. Ka1 {[%emt 0:00:30]} Rb4 {[%emt 0:04:30]} 27. c3 {[%emt 0:01:30]} R4b5 {[%emt 0:02:30]} 28. Rh2 {[%emt 0:01:29]} Qb7 {[%emt 0:18:30]} 29. Rhd2 {[%emt 0:02:13]} Rb6 {[%emt 0:03:30]} 30. Qxe5 {[%emt 0:01:18]} Ne6 {[%emt 0:05:30]} 31. Bxe6 {[%emt 0:03:31]} Rxb2 {[%emt 0:03:30]} 32. Qf5 {[%emt 0:05:12]} fxe6 {[%emt 0:01:24]} 33. Qxe6+ {[%emt 0:00:53]} Kh8 {[%emt 0:00:03]} 34. Qe4 {[%emt 0:02:20]} Qb6 {[%emt 0:02:05]} 35. Qe2 {[%emt 0:01:20]} Rb1+ {[%emt 0:00:30]} 0-1

[Event "2nd Turkish League 2017"]
[Site "Konya"]
[Date "2017.07.22"]
[Round "8"]
[White "Caglar, Sadullah B."]
[Black "Atayman, Evren"]
[Result "0-1"]
[WhiteElo "1835"]
[BlackElo "1593"]
[Annotator "NA"]
[PlyCount "74"]
[EventType "team-tourn"]
[EventCountry "TUR"]
[SourceTitle "playchess.com"]
[Source "ChessBase"]
[SourceQuality "1"]
[TimeControl "5400+30"]

1. d4 {[%emt 0:00:30]} Nf6 {[%emt 0:01:00]} 2. c4 {[%emt 0:00:30]} c5 {[%emt 0:00:30]} 3. e3 {[%emt 0:00:30]} g6 {[%emt 0:02:30]} 4. Nc3 {[%emt 0:00:30]} Bg7 {[%emt 0:00:30]} 5. Nf3 {[%emt 0:00:30]} O-O {[%emt 0:00:30]} 6. d5 {[%emt 0:03:30]} d6 {[%emt 0:03:30]} 7. h3 {[%emt 0:01:30]} e5 {[%emt 0:04:30]} 8. Bd3 {[%emt 0:02:30]} a6 {[%emt 0:12:30]} 9. Qc2 {[%emt 0:09:30]} b5 {[%emt 0:01:30]} 10. cxb5 {[%emt 0:03:30]} axb5 {[%emt 0:01:30]} 11. Bxb5 {[%emt 0:02:30]} Na6 {[%emt 0:06:30]} 12. Bc4 {[%emt 0:04:30]} Nb4 {[%emt 0:01:30]} 13. Qb1 {[%emt 0:07:30]} e4 {[%emt 0:05:30]} 14. Nd2 {[%emt 0:01:30]} Nd3+ {[%emt 0:03:30]} 15. Bxd3 {[%emt 0:01:30]} exd3 {[%emt 0:00:30]} 16. Qxd3 {[%emt 0:00:30]} Ba6 {[%emt 0:00:00]} 17. Nc4 {[%emt 0:01:30]} Nd7 {[%emt 0:00:00]} 18. O-O {[%emt 0:08:30]} Ne5 {[%emt 0:00:30]} 19. Qc2 {[%emt 0:02:30]} Bxc4 {[%emt 0:01:30]} 20. Rd1 {[%emt 0:00:00]} Ba6 {[%emt 0:07:30]} 21. b3 {[%emt 0:02:00]} c4 {[%emt 0:03:30]} 22. bxc4 {[%emt 0:02:30]} Nxc4 {[%emt 0:00:30]} 23. Rb1 {[%emt 0:00:30]} Qa5 {[%emt 0:01:30]} 24. Rb3 {[%emt 0:02:30]} Rac8 {[%emt 0:00:30]} 25. Rd3 {[%emt 0:03:30]} Rc7 {[%emt 0:02:30]} 26. Rd4 {[%emt 0:04:30]} Rfc8 {[%emt 0:01:30]} 27. Qe4 {[%emt 0:00:30]} Be5 {[%emt 0:03:30]} 28. f4 {[%emt 0:03:30]} f5 {[%emt 0:00:30]} 29. Qf3 {[%emt 0:00:30]} Bxd4 {[%emt 0:00:30]} 30. exd4 {[%emt 0:00:00]} Ne5 {[%emt 0:03:30]} 31. dxe5 {[%emt 0:05:00]} Rxc3 {[%emt 0:00:30]} 32. Be3 {[%emt 0:00:00]} Rxb3 {[%emt 0:00:30]} 33. axb3 {[%emt 0:00:00]} dxe5 {[%emt 0:02:30]} 34. fxe5 {[%emt 0:00:30]} Qa1+ {[%emt 0:00:00]} 35. Kh2 {[%emt 0:00:30]} Qxe5+ {[%emt 0:00:00]} 36. Bf4 {[%emt 0:00:00]} Qe4 {[%emt 0:00:30]} 37. Qg3 {[%emt 0:00:00]} Qxd5 {[%emt 0:02:30]} 0-1

[Event "2nd Turkish League 2017"]
[Site "Konya"]
[Date "2017.07.22"]
[Round "8"]
[White "Altunbay, Onder"]
[Black "Yakar, Ozan Tuna"]
[Result "1/2-1/2"]
[WhiteElo "1830"]
[BlackElo "1718"]
[Annotator "NA"]
[PlyCount "71"]
[EventType "team-tourn"]
[EventCountry "TUR"]
[SourceTitle "playchess.com"]
[Source "ChessBase"]
[SourceQuality "1"]
[TimeControl "5400+30"]

1. e4 {[%emt 0:00:30]} c5 {[%emt 0:08:00]} 2. Nf3 {[%emt 0:00:30]} e6 {[%emt 0:02:30]} 3. c3 {[%emt 0:01:30]} d5 {[%emt 0:02:30]} 4. exd5 {[%emt 0:01:30]} Qxd5 {[%emt 0:00:30]} 5. d4 {[%emt 0:03:30]} Nf6 {[%emt 0:00:30]} 6. Be2 {[%emt 0:02:30]} Be7 {[%emt 0:07:30]} 7. O-O {[%emt 0:03:30]} O-O {[%emt 0:01:30]} 8. Be3 {[%emt 0:01:30]} cxd4 {[%emt 0:00:30]} 9. cxd4 {[%emt 0:05:30]} Nc6 {[%emt 0:03:30]} 10. Nc3 {[%emt 0:02:30]} Qd6 {[%emt 0:01:30]} 11. Qd2 {[%emt 0:08:30]} Rd8 {[%emt 0:24:30]} 12. Rfd1 {[%emt 0:09:30]} b6 {[%emt 0:19:30]} 13. Bf4 {[%emt 0:24:30]} Qd7 {[%emt 0:12:14]} 14. Ne5 {[%emt 0:05:30]} Nxe5 {[%emt 0:03:42]} 15. dxe5 {[%emt 0:02:30]} Qxd2 {[%emt 0:00:07]} 16. Rxd2 {[%emt 0:00:30]} Rxd2 {[%emt 0:00:23]} 17. exf6 {[%emt 0:09:51]} Rxe2 {[%emt 0:01:23]} 18. fxe7 {[%emt 0:01:00]} Ba6 {[%emt 0:01:33]} 19. Rd1 {[%emt 0:01:21]} Re8 {[%emt 0:00:04]} 20. Nxe2 {[%emt 0:00:50]} Bxe2 {[%emt 0:00:07]} 21. Rd7 {[%emt 0:00:00]} a6 {[%emt 0:02:22]} 22. Rb7 {[%emt 0:01:40]} f6 {[%emt 0:01:44]} 23. Bd6 {[%emt 0:00:33]} Kf7 {[%emt 0:04:31]} 24. Rxb6 {[%emt 0:00:36]} Rc8 {[%emt 0:00:24]} 25. h3 {[%emt 0:00:36]} Bb5 {[%emt 0:00:33]} 26. b3 {[%emt 0:02:36]} Rc1+ {[%emt 0:01:09]} 27. Kh2 {[%emt 0:00:30]} Rc6 {[%emt 0:00:00]} 28. Rxc6 {[%emt 0:00:27]} Bxc6 {[%emt 0:00:02]} 29. f4 {[%emt 0:01:06]} Ke8 {[%emt 0:00:22]} 30. Kg3 {[%emt 0:00:56]} Kd7 {[%emt 0:00:49]} 31. Bc5 {[%emt 0:00:06]} Kc7 {[%emt 0:00:52]} 32. Kf2 {[%emt 0:01:51]} Be8 {[%emt 0:00:08]} 33. Ke3 {[%emt 0:01:31]} Kc6 {[%emt 0:00:30]} 34. b4 {[%emt 0:00:00]} Kd5 {[%emt 0:00:03]} 35. Bb6 {[%emt 0:01:54]} Bb5 {[%emt 0:00:49]} 36. g3 {[%emt 0:02:48]} 1/2-1/2

[Event "2nd Turkish League 2017"]
[Site "Konya"]
[Date "2017.07.22"]
[Round "8"]
[White "Kutlu, Sedat"]
[Black "Okay, Ilkin Ege"]
[Result "0-1"]
[WhiteElo "1824"]
[BlackElo "1973"]
[Annotator "NA"]
[PlyCount "100"]
[EventType "team-tourn"]
[EventCountry "TUR"]
[SourceTitle "playchess.com"]
[Source "ChessBase"]
[SourceQuality "1"]
[TimeControl "5400+30"]

1. e4 {[%emt 0:00:30]} c6 {[%emt 0:01:00]} 2. Nc3 {[%emt 0:00:00]} d5 {[%emt 0:00:00]} 3. Nf3 {[%emt 0:00:00]} g6 {[%emt 0:00:00]} 4. d4 {[%emt 0:04:30]} Bg7 {[%emt 0:00:30]} 5. exd5 {[%emt 0:07:30]} cxd5 {[%emt 0:00:00]} 6. Bf4 {[%emt 0:00:30]} Nf6 {[%emt 0:02:00]} 7. Bb5+ {[%emt 0:01:30]} Bd7 {[%emt 0:03:30]} 8. Qd3 {[%emt 0:02:30]} O-O {[%emt 0:01:30]} 9. Bxd7 {[%emt 0:03:30]} Nbxd7 {[%emt 0:04:30]} 10. O-O-O {[%emt 0:03:30]} Rc8 {[%emt 0:27:30]} 11. Kb1 {[%emt 0:04:30]} b5 {[%emt 0:21:30]} 12. Nd2 {[%emt 0:17:30]} b4 {[%emt 0:02:30]} 13. Ne2 {[%emt 0:05:30]} Rc6 {[%emt 0:00:30]} 14. f3 {[%emt 0:02:30]} Qa5 {[%emt 0:03:30]} 15. Nb3 {[%emt 0:00:30]} Qb6 {[%emt 0:00:30]} 16. g4 {[%emt 0:00:30]} Rfc8 {[%emt 0:01:30]} 17. Rd2 {[%emt 0:03:30]} a5 {[%emt 0:00:30]} 18. h4 {[%emt 0:00:00]} a4 {[%emt 0:01:30]} 19. Nbc1 {[%emt 0:00:00]} Rc3 {[%emt 0:00:30]} 20. bxc3 {[%emt 0:11:30]} bxc3+ {[%emt 0:00:30]} 21. Nb3 {[%emt 0:00:00]} cxd2 {[%emt 0:01:30]} 22. h5 {[%emt 0:02:00]} axb3 {[%emt 0:02:30]} 23. cxb3 {[%emt 0:01:30]} gxh5 {[%emt 0:04:30]} 24. Qxd2 {[%emt 0:06:30]} hxg4 {[%emt 0:02:30]} 25. Bh6 {[%emt 0:02:41]} Nh5 {[%emt 0:02:53]} 26. Be3 {[%emt 0:01:39]} gxf3 {[%emt 0:00:52]} 27. Nc3 {[%emt 0:00:34]} Qg6+ {[%emt 0:02:14]} 28. Kb2 {[%emt 0:00:18]} Ndf6 {[%emt 0:05:32]} 29. b4 {[%emt 0:00:57]} Ng3 {[%emt 0:03:26]} 30. Rg1 {[%emt 0:01:11]} Nfe4 {[%emt 0:00:12]} 31. Nxe4 {[%emt 0:02:11]} Nxe4 {[%emt 0:00:09]} 32. Qd1 {[%emt 0:02:06]} Qb6 {[%emt 0:01:32]} 33. a3 {[%emt 0:00:31]} Rc3 {[%emt 0:01:24]} 34. Qa4 {[%emt 0:01:20]} Rc8 {[%emt 0:00:55]} 35. Qd7 {[%emt 0:00:38]} Qc7 {[%emt 0:00:41]} 36. Qxc7 {[%emt 0:04:28]} Rxc7 {[%emt 0:00:31]} 37. Bh6 {[%emt 0:00:08]} f2 {[%emt 0:02:14]} 38. Rxg7+ {[%emt 0:01:32]} Kf8 {[%emt 0:00:02]} 39. Rg4+ {[%emt 0:03:30]} Ke8 {[%emt 0:00:30]} 40. Rf4 {[%emt 0:00:00]} Rc6 {[%emt 0:00:37]} 41. Bg7 {[%emt 0:02:28]} Rg6 {[%emt 0:00:58]} 42. Be5 {[%emt 0:00:54]} f6 {[%emt 0:00:02]} 43. Bb8 {[%emt 0:01:55]} Kd7 {[%emt 0:00:01]} 44. b5 {[%emt 0:00:15]} Kc8 {[%emt 0:01:31]} 45. Ba7 {[%emt 0:00:10]} Rg1 {[%emt 0:00:03]} 46. a4 {[%emt 0:00:57]} f1=Q {[%emt 0:00:23]} 47. Rxf1 {[%emt 0:00:04]} Rxf1 {[%emt 0:00:34]} 48. a5 {[%emt 0:00:28]} Nd6 {[%emt 0:00:00]} 49. Bc5 {[%emt 0:00:35]} Nxb5 {[%emt 0:00:12]} 50. Bxe7 {[%emt 0:00:12]} Kb7 {[%emt 0:00:22]} 0-1